Catálogo

SOCIOLOGIA DE LA EDUCACION (Registro nro. 31308)

Detalles MARC
000 -LEADER
fixed length control field 00389nam a2200157 a 4500
001 - CONTROL NUMBER
control field 31308
005 - DATE AND TIME OF LATEST TRANSACTION
control field 20180713234707.0
008 - FIXED-LENGTH DATA ELEMENTS--GENERAL INFORMATION
fixed length control field 140415s2003 mx 000 0 spa d
020 ## - INTERNATIONAL STANDARD BOOK NUMBER
International Standard Book Number 968240102X
041 ## - LANGUAGE CODE
Language code of text/sound track or separate title spa
082 ## - DEWEY DECIMAL CLASSIFICATION NUMBER
Classification number 370.193
Item number JIM
245 00 - TITLE STATEMENT
Title SOCIOLOGIA DE LA EDUCACION
250 ## - EDITION STATEMENT
Edition statement 1RA
260 ## - PUBLICATION, DISTRIBUTION, ETC.
Place of publication, distribution, etc. MEXICO :
Name of publisher, distributor, etc. TRILLAS,
Date of publication, distribution, etc. 2003
300 ## - PHYSICAL DESCRIPTION
Extent 179
Dimensions 16 x 3 x 23
Existencias
Withdrawn status Lost status Source of classification or shelving scheme Damaged status Not for loan Collection code Home library Current library Shelving location Date acquired Source of acquisition Total Checkouts Full call number Barcode Date last seen Price effective from Koha item type
    Dewey Decimal Classification     General Tehuacán Tehuacán Sala general 03/12/2013 Compra   370.193 JIM 506090 08/01/2025 03/12/2013 Libro